Cosmopolitan and Established Resources of power in the Education Arena /

Na minha lista:
Detalhes bibliográficos
Autor principal: Weenink, Don
Formato: Texto
Assuntos:
Tags: Adicionar Tag
Sem tags, seja o primeiro a adicionar uma tag!

MARC

LEADER 00000 a a2200000 04500
001 8839
003
040
100 |a Weenink, Don  
245 |a Cosmopolitan and Established Resources of power in the Education Arena /  |c Don Weenink 
650 |a EDUCACION  
650 |a PODER  
650 |a CLASES SOCIALES  
650 |a PRACTICAS TRADICIONALES  
650 |a GLOBALIZACION  
650 |a SOCIOLOGIA DE LA EDUCACION  
650 |a PAISES BAJOS  
650 |a ESTADISTICAS DE LA EDUCACION  
773 |g volumen 22, número 4; páginas 492-516  
999 |c 25647  |d 25647